| 000 | 00585nam a2200193 a 4500 | ||
|---|---|---|---|
| 005 | 20250905063952.0 | ||
| 008 | 040806s1973 mx r 000 0 spa d | ||
| 035 | _aUPN01000134135 | ||
| 049 | _aCG | ||
| 050 | 4 |
_aHC123 _bG7.2 |
|
| 100 | 1 | _aGraziani, Giovanni | |
| 245 | 1 | 0 |
_aAmérica Latina : _bsubdesarrollo e imperialismo / _cGiovanni Graziani. |
| 260 |
_aMéxico : _bDiógenes, _c1973. |
||
| 300 | _a70 p. | ||
| 651 | 4 |
_aAmérica Latina _xCondiciones económicas _92747 |
|
| 651 | 2 |
_aAmérica Latina _xCondiciones sociales _92836 |
|
| 650 | 4 |
_aImperialismo _99887 |
|
| 905 | _aLibro | ||
| 999 |
_c106286 _d106286 |
||